Normal view MARC view

Entry Personal Name

Number of records used in: 1

001 - CONTROL NUMBER

  • control field: 57597

003 - CONTROL NUMBER IDENTIFIER

  • control field: dpl

005 - DATE AND TIME OF LATEST TRANSACTION

  • control field: 20230929120024.0

008 - FIXED-LENGTH DATA ELEMENTS

  • fixed length control field: 230929|| aca||aabn | a|a d

040 ## - CATALOGING SOURCE

  • Original cataloging agency: dpl
  • Transcribing agency: dpl

100 ## - HEADING--PERSONAL NAME

  • Personal name: Sunil kumar singh

670 ## - SOURCE DATA FOUND

  • Source citation: Work cat.: (dpl)198644: Sunil kumar singh, General Science /, 2021

© Delhi Public Library
Hit Counter
free hit counter